| 000 | 00853nam a2200253Ia 4500 | ||
|---|---|---|---|
| 003 | OSt | ||
| 005 | 20221005112546.0 | ||
| 006 | a|||||r|||| 00| 0 | ||
| 007 | ta | ||
| 008 | 221004b |||||||| |||| 00| 0 pan d | ||
| 020 |
_a9789351132073 (hbk) _c395 |
||
| 024 | _a26613 | ||
| 037 |
_b991, 17/12/2015, H.K. Prakashan _cTextual |
||
| 040 |
_aCRL _cCRL _bpan |
||
| 041 |
_2pan _apan |
||
| 082 | _aO168,3N12w, 153Q3 | ||
| 100 |
_aਪ੍ਰੇਮ ਪ੍ਰਕਾF, ਥਦ. _9160556 |
||
| 245 | 0 | _aਮੰਟੋ ਕੌਣ ਸੀ | |
| 260 |
_aਚੰਡੀਗੜ _bਲੋਕਗੀਤ ਭਾਰਤ _c2013 |
||
| 300 |
_a271ਪੰ _ccm. |
||
| 650 | _aਉਰਦੂ ਸਾਹਿਤ | ||
| 942 |
_hO168,3N12w, 153Q3 _cTEXL _2cc |
||
| 999 |
_c1025238 _d1025238 |
||